000 00442pab a2200181 454500
008 180718b1996 xxu||||| |||| 00| 0 eng d
100 _aPalkhivala, Nani A.
245 _aBudget imperatives
260 _c1996
300 _ap.10; 9 Jul, 1996, p.10
362 _a8 Jul
650 _aBudget - India
650 _aFinance, Public - India
650 _aState budget
700 _aGhosh, D.N.
773 _aTimes of India
909 _a33206
999 _c33206
_d33206